Rwandan Genocide - Statistics

General Stats
  • This quiz has been taken 16 times
  • The average score is 5 of 15
Answer Stats
Hint Answer % Correct
twa % of population 1%
92%
amount of deaths in the genocide 800,000
58%
tutsi % of population 15%
50%
hutu % of population 84%
50%
where is rwanda central africa
42%
from what country Uganda
42%
The year that Europe launched its aid program 1996
33%
the % that were Hutu 40%
33%
the % of deaths that were tutsi 60%
33%
total days 103
25%
the overall amount of refugees 3000000
25%
RPF invasion month and year july 1994
25%
name of Hutu malitia Interhamwe
17%
End date 18 july 1994
8%
Start date 6 april 1994
8%
No matching quizzes found
Score Distribution
Percent of People with Each Score
Percentile by Number Answered
Your Score History
You have not taken this quiz